[Event "Ontario-ch U20 U1800"]
[Site "Mississauga"]
[Date "2019.01.13"]
[Round "5.19"]
[White "Xie, Joanna"]
[Black "Ning, Oswin"]
[Result "0-1"]
[WhiteElo "1373"]
[BlackElo "1462"]
[PlyCount "56"]
[EventDate "2019.01.12"]
[EventType "swiss"]
[EventRounds "5"]
[EventCountry "CAN"]
[SourceTitle "EXT 2022"]
[Source "ChessBase"]
[SourceDate "2021.10.06"]
[SourceVersion "1"]
[SourceVersionDate "2021.10.06"]
[SourceQuality "1"]

1. e4 e6 2. d4 d5 3. e5 c5 4. c3 Nc6 5. Nf3 Qb6 6. b3 cxd4 7. cxd4 Bb4+ 8. Bd2 Nxd4 9. Bd3 Bxd2+ 10. Nbxd2 Bd7 11. Rc1 Nxf3+ 12. Qxf3 Ne7 13. 0-0 0-0 14. Qh3 h6 15. Kh1 Bb5 16. Bxb5 Qxb5 17. Rc7 Nc6 18. Qe3 Rab8 19. Rd7 Nxe5 20. Rd6 Nc6 21. f4 Qa5 22. a4 Ne7 23. Rc1 Nf5 24. Qe5 Qxd2 25. Rg1 Nxd6 26. Qxd6 Rbc8 27. Qa3 Rc2 28. Qa1 Rfc8 0-1

[Event "Ontario-ch U20 U1800"]
[Site "Mississauga"]
[Date "2019.01.12"]
[Round "3.17"]
[White "Ning, Oswin"]
[Black "Wang, Eric1111"]
[Result "1/2-1/2"]
[WhiteElo "1462"]
[BlackElo "1579"]
[PlyCount "41"]
[EventDate "2019.01.12"]
[EventType "swiss"]
[EventRounds "5"]
[EventCountry "CAN"]
[SourceTitle "EXT 2022"]
[Source "ChessBase"]
[SourceDate "2021.10.06"]
[SourceVersion "1"]
[SourceVersionDate "2021.10.06"]
[SourceQuality "1"]

1. e4 e5 2. Nf3 Nc6 3. d4 exd4 4. Nxd4 Nf6 5. Nxc6 bxc6 6. Nc3 Bb4 7. Bd3 0-0 8. 0-0 Re8 9. Re1 d6 10. Bg5 Bc5 11. e5 dxe5 12. Rxe5 Bxf2+ 13. Kh1 Be6 14. Qf3 Bd4 15. Ree1 Bxc3 16. bxc3 Qd5 17. Bxf6 Qxf3 18. gxf3 gxf6 19. a3 Bd5 20. Kg2 Kg7 21. Kf2 1/2-1/2

[Event "Ontario-ch U20 U1800"]
[Site "Mississauga"]
[Date "2018.01.27"]
[Round "2.9"]
[White "Ning, Oswin"]
[Black "Ma, Andrew"]
[Result "1/2-1/2"]
[WhiteElo "1631"]
[BlackElo "1486"]
[PlyCount "60"]
[EventDate "2018.01.27"]
[EventType "swiss"]
[EventRounds "5"]
[EventCountry "CAN"]
[SourceTitle "EXT 2022"]
[Source "ChessBase"]
[SourceDate "2021.10.06"]
[SourceVersion "1"]
[SourceVersionDate "2021.10.06"]
[SourceQuality "1"]

1. e4 c5 2. Nf3 d6 3. d4 cxd4 4. Nxd4 Nf6 5. Nc3 a6 6. f3 e6 7. Be3 Be7 8. Qd2 b5 9. a3 Bb7 10. Be2 Nc6 11. Nxc6 Bxc6 12. Bf4 0-0 13. 0-0-0 d5 14. exd5 Nxd5 15. Nxd5 Qxd5 16. Qxd5 Bxd5 17. Bd2 Rac8 18. Kb1 Rfd8 19. Ba5 Rd7 20. Rhf1 Bd8 21. Bxd8 Rdxd8 22. Bd3 Rd7 23. Rd2 Rcd8 24. Rfd1 g6 25. Be4 Ba2+ 26. Kc1 Rxd2 27. Rxd2 Rxd2 28. Kxd2 Bc4 29. Bd3 Bd5 30. Be4 Bc4 1/2-1/2